[Event "Winnipeg February Sect-B"]
[Site "Winnipeg CAN"]
[Date "2009.02.22"]
[Round "5"]
[White "Swift, Ryne"]
[Black "Wood, Nathaniel"]
[Result "1/2-1/2"]
[WhiteElo "1641"]
[BlackElo "1620"]
[PlyCount "69"]
[GameId "2160767910260625"]
[EventDate "2009.02.22"]
[EventType "swiss"]
[EventRounds "5"]
[EventCountry "CAN"]
[SourceTitle "EXT 2019"]
[Source "ChessBase"]
[SourceDate "2018.10.10"]
[SourceVersion "1"]
[SourceVersionDate "2018.10.10"]
[SourceQuality "1"]

1. e4 e6 2. d4 d5 3. Nc3 Nf6 4. exd5 Nxd5 5. Nxd5 exd5 6. Nf3 Be7 7. Bd3 O-O 8. O-O Re8 9. c3 Nd7 10. Qc2 Nf8 11. Bf4 Ng6 12. Bxg6 hxg6 13. Rfe1 Bf5 14. Qb3 g5 15. Bxg5 Bxg5 16. Rxe8+ Qxe8 17. Nxg5 Qe7 18. Nf3 Re8 19. Qd1 Bg4 20. Qe1 Bxf3 21. Qxe7 Rxe7 22. gxf3 Re2 23. Rb1 b6 24. a4 Rc2 25. Kg2 c5 26. a5 cxd4 27. cxd4 Rd2 28. f4 Rxd4 29. Kf3 Rd2 30. Ke3 Rc2 31. h3 f6 32. Rd1 Rxb2 33. Rxd5 Rb3+ 34. Ke2 Rxh3 35. Rb5 1/2-1/2

[Event "Winnipeg TNT April op"]
[Site "Winnipeg CAN"]
[Date "2009.04.07"]
[Round "1"]
[White "Babb, Jeff"]
[Black "Wasserman, Arie"]
[Result "1-0"]
[WhiteElo "2076"]
[BlackElo "1674"]
[PlyCount "23"]
[GameId "2160767910157377"]
[EventDate "2009.04.07"]
[EventType "swiss"]
[EventRounds "5"]
[EventCountry "CAN"]
[SourceTitle "EXT 2011"]
[Source "ChessBase"]
[SourceDate "2011.11.26"]
[SourceVersion "1"]
[SourceVersionDate "2011.11.26"]
[SourceQuality "1"]

1. f4 d5 2. b3 b6 3. Bb2 Bb7 4. Nf3 Nf6 5. e3 e6 6. Ne5 Nc6 7. Bb5 Ne4 8. O-O Qd6 9. Ba3 Nc5 10. d4 f6 11. dxc5 bxc5 12. Qh5+ 1-0

[Event "Winnipeg TNT April op"]
[Site "Winnipeg CAN"]
[Date "2009.04.07"]
[Round "1"]
[White "Czarny, Keith"]
[Black "Kaptsan, Aron"]
[Result "0-1"]
[WhiteElo "1659"]
[BlackElo "2071"]
[PlyCount "72"]
[GameId "2160767910157378"]
[EventDate "2009.04.07"]
[EventType "swiss"]
[EventRounds "5"]
[EventCountry "CAN"]
[SourceTitle "EXT 2011"]
[Source "ChessBase"]
[SourceDate "2011.11.26"]
[SourceVersion "1"]
[SourceVersionDate "2011.11.26"]
[SourceQuality "1"]

1. Nf3 Nf6 2. g3 b6 3. Bg2 Bb7 4. O-O c5 5. c4 d6 6. Nc3 e6 7. d3 a6 8. e4 Nbd7 9. a4 Qc7 10. Bg5 Be7 11. Nd2 h6 12. Bxf6 Bxf6 13. f4 O-O 14. Ra2 Rad8 15. a5 Bd4+ 16. Kh1 Nf6 17. axb6 Qxb6 18. Na4 Qc7 19. Nb3 Bc6 20. Nxd4 cxd4 21. c5 Bxa4 22. cxd6 Qxd6 23. Qxa4 e5 24. fxe5 Qxe5 25. Rf5 Qc7 26. Qd1 Rc8 27. h3 Qc2 28. Rf1 Nd7 29. Rxa6 Qxb2 30. Qa1 Qb5 31. Qa4 Qxd3 32. Rd6 Ne5 33. Kh2 Rc3 34. Qxd4 Qxg3+ 35. Kh1 Rc2 36. Qg1 Ng4 0-1

[Event "Winnipeg TNT April op"]
[Site "Winnipeg CAN"]
[Date "2009.04.07"]
[Round "1"]
[White "Green, Leah"]
[Black "Swift, Ryne"]
[Result "1-0"]
[WhiteElo "1200"]
[BlackElo "1698"]
[PlyCount "35"]
[GameId "2160767910157379"]
[EventDate "2009.04.07"]
[EventType "swiss"]
[EventRounds "5"]
[EventCountry "CAN"]
[SourceTitle "EXT 2011"]
[Source "ChessBase"]
[SourceDate "2011.11.26"]
[SourceVersion "1"]
[SourceVersionDate "2011.11.26"]
[SourceQuality "1"]

1. e4 e5 2. Nf3 Nc6 3. d4 exd4 4. Nxd4 Bc5 5. Nb3 Bb6 6. Nc3 Nf6 7. Bb5 O-O 8. O-O Re8 9. Re1 d6 10. a4 a6 11. Bxc6 bxc6 12. Nd4 c5 13. Nf3 Bb7 14. e5 Bxf3 15. Qxf3 Rxe5 16. Rxe5 dxe5 17. Bg5 Qd6 18. Qxa8+ 1-0

[Event "Winnipeg TNT April op"]
[Site "Winnipeg CAN"]
[Date "2009.04.07"]
[Round "1"]
[White "Greenberg, Harley"]
[Black "Gibbons, Lorne"]
[Result "1-0"]
[WhiteElo "1773"]
[BlackElo "1235"]
[PlyCount "30"]
[GameId "2160767910157380"]
[EventDate "2009.04.07"]
[EventType "swiss"]
[EventRounds "5"]
[EventCountry "CAN"]
[SourceTitle "EXT 2011"]
[Source "ChessBase"]
[SourceDate "2011.11.26"]
[SourceVersion "1"]
[SourceVersionDate "2011.11.26"]
[SourceQuality "1"]

1. e4 d6 2. d4 f6 3. f4 Nd7 4. Nc3 c5 5. Nf3 cxd4 6. Nxd4 Nb6 7. f5 g6 8. Bb5+ Kf7 9. O-O a6 10. Ne6 Bxe6 11. fxe6+ Kxe6 12. Be2 Kf7 13. Be3 e6 14. Qd4 Nc8 15. Rad1 Nge7 1-0

[Event "Winnipeg TNT April op"]
[Site "Winnipeg CAN"]
[Date "2009.04.07"]
[Round "1"]
[White "Khedkar, Jay"]
[Black "Trinidad, Kris"]
[Result "1/2-1/2"]
[WhiteElo "1983"]
[BlackElo "1558"]
[PlyCount "66"]
[GameId "2160767740941005"]
[EventDate "2009.04.07"]
[EventType "swiss"]
[EventRounds "5"]
[EventCountry "CAN"]

1. e4 c5 2. Nf3 Nc6 3. d4 cxd4 4. Nxd4 d6 5. Nc3 Nf6 6. Be2 g6 7. Be3 Bg7 8. Nb3 O-O 9. O-O h6 10. f4 Be6 11. Bf3 a5 12. Nd5 Nd7 13. c3 a4 14. Nd4 Nxd4 15. Bxd4 Bxd5 16. exd5 Qc7 17. Bxg7 Kxg7 18. Qd4+ Kg8 19. Rae1 Rfe8 20. Re3 Qc5 21. Qxc5 Nxc5 22. Rfe1 Kf8 23. Be2 Rec8 24. g4 f6 25. h4 Kf7 26. g5 h5 27. f5 fxg5 28. fxg6+ Kxg6 29. hxg5 Kxg5 30. Rxe7 Re8 31. Bb5 Rxe7 32. Rxe7 Rf8 33. Re3 Rf4 {Last move unclear in score. Draw agreed after Black's 34th move.} 1/2-1/2

[Event "Winnipeg TNT April op"]
[Site "Winnipeg CAN"]
[Date "2009.04.07"]
[Round "1"]
[White "Lauritson, Jim"]
[Black "Magnusson, Saul"]
[Result "1-0"]
[WhiteElo "1912"]
[BlackElo "1540"]
[PlyCount "49"]
[GameId "2160767910157381"]
[EventDate "2009.04.07"]
[EventType "swiss"]
[EventRounds "5"]
[EventCountry "CAN"]
[SourceTitle "EXT 2011"]
[Source "ChessBase"]
[SourceDate "2011.11.26"]
[SourceVersion "1"]
[SourceVersionDate "2011.11.26"]
[SourceQuality "1"]

1. d4 d5 2. c4 e6 3. Nc3 Be7 4. Nf3 Nf6 5. Bg5 O-O 6. e3 b6 7. Qc2 h6 8. Bh4 Bb7 9. Bxf6 Bxf6 10. cxd5 exd5 11. Bd3 Nd7 12. Qb3 c6 13. O-O Re8 14. Rad1 Nf8 15. Rfe1 Qd7 16. e4 dxe4 17. Nxe4 Be7 18. Ne5 Qc8 19. Qxf7+ Kh8 20. Bc4 Nd7 21. Ng6+ Kh7 22. Nxe7 Rxe7 23. Ng5+ Kh8 24. Rxe7 Qf8 25. Rxd7 1-0

[Event "Winnipeg TNT April op"]
[Site "Winnipeg CAN"]
[Date "2009.04.07"]
[Round "1"]
[White "Menard, Trevor"]
[Black "Green, Jim"]
[Result "0-1"]
[WhiteElo "1306"]
[BlackElo "1788"]
[PlyCount "36"]
[GameId "2160767910157383"]
[EventDate "2009.04.07"]
[EventType "swiss"]
[EventRounds "5"]
[EventCountry "CAN"]
[SourceTitle "EXT 2011"]
[Source "ChessBase"]
[SourceDate "2011.11.26"]
[SourceVersion "1"]
[SourceVersionDate "2011.11.26"]
[SourceQuality "1"]

1. e4 c5 2. Bc4 e6 3. Nc3 a6 4. a4 Nc6 5. Nf3 d6 6. O-O Nf6 7. d3 Be7 8. d4 cxd4 9. Nxd4 Bd7 10. Re1 O-O 11. Qf3 Nxd4 12. Qd3 Nc6 13. e5 Nxe5 14. Qe2 Nxc4 15. Qxc4 Rc8 16. Qd3 Qb6 17. a5 Qb4 18. b3 Qxc3 0-1

[Event "Winnipeg TNT April op"]
[Site "Winnipeg CAN"]
[Date "2009.04.07"]
[Round "1"]
[White "Milord, Frank"]
[Black "Boron, Anthony"]
[Result "0-1"]
[WhiteElo "1586"]
[BlackElo "2012"]
[PlyCount "38"]
[GameId "2160767910157384"]
[EventDate "2009.04.07"]
[EventType "swiss"]
[EventRounds "5"]
[EventCountry "CAN"]
[SourceTitle "EXT 2011"]
[Source "ChessBase"]
[SourceDate "2011.11.26"]
[SourceVersion "1"]
[SourceVersionDate "2011.11.26"]
[SourceQuality "1"]

1. e4 c5 2. Nf3 Nc6 3. d4 cxd4 4. Nxd4 Nf6 5. Nc3 e6 6. Ndb5 Bb4 7. Nd6+ Ke7 8. a3 Bxd6 9. Bg5 h6 10. Nd5+ exd5 11. Bxf6+ gxf6 12. exd5 Ne5 13. f4 Ng6 14. Qe2+ Kf8 15. g3 Qa5+ 16. Qd2 Qxd2+ 17. Kxd2 b6 18. Kd3 Bb7 19. Bg2 Bxf4 0-1

[Event "Winnipeg TNT April op"]
[Site "Winnipeg CAN"]
[Date "2009.04.07"]
[Round "1"]
[White "Mundwiler, Les"]
[Black "Campbell, Gary"]
[Result "1-0"]
[WhiteElo "2014"]
[BlackElo "1650"]
[PlyCount "42"]
[GameId "2160767910157385"]
[EventDate "2009.04.07"]
[EventType "swiss"]
[EventRounds "5"]
[EventCountry "CAN"]
[SourceTitle "EXT 2011"]
[Source "ChessBase"]
[SourceDate "2011.11.26"]
[SourceVersion "1"]
[SourceVersionDate "2011.11.26"]
[SourceQuality "1"]

1. e4 e6 2. d4 d5 3. Nd2 Nf6 4. Bd3 c5 5. dxc5 Bxc5 6. Qe2 O-O 7. Ngf3 Nc6 8. e5 Nd7 9. Nb3 Bb6 10. h4 f6 11. Ng5 Ndxe5 12. Bxh7+ Kh8 13. Qh5 Nf7 14. Nxf7+ Rxf7 15. Bg6+ Kg8 16. Bxf7+ Kf8 17. Bg6 Ne7 18. Qh8+ Ng8 19. Bh7 Kf7 20. Qxg8+ Qxg8 21. Bxg8+ Kxg8 1-0

[Event "Winnipeg TNT April op"]
[Site "Winnipeg CAN"]
[Date "2009.04.07"]
[Round "1"]
[White "Ott, Richard"]
[Black "Green, Aaron"]
[Result "0-1"]
[WhiteElo "1459"]
[BlackElo "1838"]
[PlyCount "74"]
[GameId "2160767910157386"]
[EventDate "2009.04.07"]
[EventType "swiss"]
[EventRounds "5"]
[EventCountry "CAN"]
[SourceTitle "EXT 2011"]
[Source "ChessBase"]
[SourceDate "2011.11.26"]
[SourceVersion "1"]
[SourceVersionDate "2011.11.26"]
[SourceQuality "1"]

1. d4 Nf6 2. Nf3 g6 3. Bf4 Bg7 4. Nbd2 d5 5. c3 O-O 6. e3 b6 7. Be2 Bb7 8. O-O Nbd7 9. h3 e6 10. a4 c5 11. Ne5 Nxe5 12. Bxe5 Ne8 13. Bxg7 Kxg7 14. Nf3 c4 15. Ne5 f6 16. Ng4 Nd6 17. f3 a5 18. Qe1 Rc8 19. Bd1 Qc7 20. Bc2 Nf5 21. Bxf5 exf5 22. Nf2 Rfe8 23. Qd2 Re6 24. f4 Bc6 25. g4 fxg4 26. Nxg4 h5 27. Nh2 Rce8 28. Rf3 R6e7 29. Rg3 Bd7 30. Qe2 Qxf4 31. Qg2 Qe4 32. Nf3 Qxe3+ 33. Kh2 Qh6 34. Ne5 fxe5 35. Rg1 Bf5 36. Qxd5 Qf4 37. Qxc4 h4 0-1

[Event "Winnipeg TNT April op"]
[Site "Winnipeg CAN"]
[Date "2009.04.07"]
[Round "1"]
[White "Wasserman, Leor"]
[Black "Kernetsky, Myron"]
[Result "0-1"]
[WhiteElo "1558"]
[BlackElo "1956"]
[PlyCount "72"]
[GameId "2160767910157387"]
[EventDate "2009.04.07"]
[EventType "swiss"]
[EventRounds "5"]
[EventCountry "CAN"]
[SourceTitle "EXT 2011"]
[Source "ChessBase"]
[SourceDate "2011.11.26"]
[SourceVersion "1"]
[SourceVersionDate "2011.11.26"]
[SourceQuality "1"]

1. e4 e6 2. Nf3 d5 3. exd5 exd5 4. d4 Bd6 5. Nc3 c6 6. Be2 Ne7 7. O-O Bf5 8. Bg5 Nd7 9. Qd2 Nf8 10. Rfe1 Ne6 11. Bd3 Bxd3 12. cxd3 O-O 13. Re2 Qc7 14. Bh4 Nf5 15. Re4 dxe4 16. dxe4 Nxh4 17. Nxh4 Bxh2+ 18. Kh1 Bf4 19. Qd1 Bg5 20. Nf5 g6 21. Ng3 Qf4 22. Nce2 Qh4+ 23. Kg1 Nf4 24. Nxf4 Bxf4 25. Nf1 Bc7 26. e5 Rfd8 27. g4 Bxe5 28. Qf3 Rxd4 29. Ng3 Rxg4 30. Kg2 Rd8 31. Re1 Bxg3 32. fxg3 Rd2+ 33. Kf1 Qh3+ 34. Kg1 Rxg3+ 35. Qxg3 Qxg3+ 36. Kf1 Rf2# 0-1

[Event "Winnipeg TNT April op"]
[Site "Winnipeg CAN"]
[Date "2009.04.14"]
[Round "2"]
[White "Boron, Anthony"]
[Black "Greenberg, Harley"]
[Result "1-0"]
[WhiteElo "2012"]
[BlackElo "1773"]
[PlyCount "111"]
[GameId "2160767910157388"]
[EventDate "2009.04.07"]
[EventType "swiss"]
[EventRounds "5"]
[EventCountry "CAN"]
[SourceTitle "EXT 2011"]
[Source "ChessBase"]
[SourceDate "2011.11.26"]
[SourceVersion "1"]
[SourceVersionDate "2011.11.26"]
[SourceQuality "1"]

1. d4 Nf6 2. Bg5 Ne4 3. Bf4 d5 4. f3 Nd6 5. e3 Bf5 6. Bd3 e6 7. Ne2 Nd7 8. Nbc3 g5 9. Bxd6 Bxd6 10. Bxf5 exf5 11. Nxd5 c6 12. Ndc3 Qe7 13. Qd3 Qe6 14. O-O-O O-O-O 15. Ng3 Bxg3 16. hxg3 Ne5 17. Qe2 Nc4 18. Rhe1 Rhe8 19. e4 fxe4 20. fxe4 Nd6 21. d5 cxd5 22. Nxd5 Kb8 23. Nc3 g4 24. e5 Nc4 25. Rxd8+ Rxd8 26. Rd1 Rxd1+ 27. Qxd1 Qh6+ 28. Kb1 Qd2 29. Qxg4 Qxc2+ 30. Kxc2 Ne3+ 31. Kd3 Nxg4 32. Ke4 Kc8 33. Kf5 h5 34. Ne4 Kd7 35. Nf6+ Nxf6 36. Kxf6 Ke8 37. g4 hxg4 38. g3 Kf8 39. Kg5 Ke7 40. Kxg4 Ke6 41. Kf4 f5 42. exf6 Kxf6 43. a4 b6 44. g4 a6 45. b3 b5 46. axb5 axb5 47. b4 Kg6 48. g5 Kg7 49. Kf5 Kf7 50. Ke5 Kg6 51. Kd5 Kxg5 52. Kc5 Kf6 53. Kxb5 Ke7 54. Kc6 Kd8 55. Kb7 Kd7 56. b5 1-0

[Event "Winnipeg TNT April op"]
[Site "Winnipeg CAN"]
[Date "2009.04.14"]
[Round "2"]
[White "Evans, Brian"]
[Black "Khedkar, Jay S"]
[Result "0-1"]
[WhiteElo "1550"]
[BlackElo "1983"]
[PlyCount "60"]
[GameId "2160767910157390"]
[EventDate "2009.04.07"]
[EventType "swiss"]
[EventRounds "5"]
[EventCountry "CAN"]
[SourceTitle "EXT 2011"]
[Source "ChessBase"]
[SourceDate "2011.11.26"]
[SourceVersion "1"]
[SourceVersionDate "2011.11.26"]
[SourceQuality "1"]

1. e4 e6 2. d4 d5 3. Nc3 Nf6 4. Bg5 Be7 5. e5 Nfd7 6. Bxe7 Qxe7 7. f4 a6 8. Nf3 c5 9. Be2 Nc6 10. Qd2 cxd4 11. Nxd4 Qb4 12. Nxc6 bxc6 13. Rb1 O-O 14. O-O c5 15. a3 Qb6 16. Kh1 Bb7 17. Na4 Qc7 18. b3 f6 19. Bg4 Rae8 20. exf6 Nxf6 21. Bf3 Bc6 22. Nxc5 Bb5 23. Nd3 Ne4 24. Bxe4 dxe4 25. c4 Bxc4 26. bxc4 Qd6 27. Qb4 Qxd3 28. Rbd1 Rxf4 29. Rfe1 Ref8 30. Qb1 Qxc4 0-1

[Event "Winnipeg TNT April op"]
[Site "Winnipeg CAN"]
[Date "2009.04.14"]
[Round "2"]
[White "Gibbons, Lorne"]
[Black "Czarny, Keith"]
[Result "0-1"]
[WhiteElo "1235"]
[BlackElo "1659"]
[PlyCount "46"]
[GameId "2160767910157391"]
[EventDate "2009.04.07"]
[EventType "swiss"]
[EventRounds "5"]
[EventCountry "CAN"]
[SourceTitle "EXT 2011"]
[Source "ChessBase"]
[SourceDate "2011.11.26"]
[SourceVersion "1"]
[SourceVersionDate "2011.11.26"]
[SourceQuality "1"]

1. d4 f5 2. c4 Nf6 3. Nc3 g6 4. Bf4 Bg7 5. h3 O-O 6. e3 d6 7. Be2 Nc6 8. a3 e5 9. dxe5 dxe5 10. Bg3 Be6 11. Qc2 Qe7 12. Nf3 e4 13. Nd2 Ne8 14. O-O Rd8 15. Rfd1 Nd6 16. c5 Nf7 17. b4 Nfe5 18. Rac1 Nd3 19. Bxd3 exd3 20. Qb1 Rd7 21. Na4 Rfd8 22. Nf3 Ne5 23. Bh4 Nxf3+ 0-1

[Event "Winnipeg TNT April op"]
[Site "Winnipeg CAN"]
[Date "2009.04.14"]
[Round "2"]
[White "Green, Aaron"]
[Black "Babb, Jeff"]
[Result "0-1"]
[WhiteElo "1838"]
[BlackElo "2076"]
[PlyCount "94"]
[GameId "2160767910157392"]
[EventDate "2009.04.07"]
[EventType "swiss"]
[EventRounds "5"]
[EventCountry "CAN"]
[SourceTitle "EXT 2011"]
[Source "ChessBase"]
[SourceDate "2011.11.26"]
[SourceVersion "1"]
[SourceVersionDate "2011.11.26"]
[SourceQuality "1"]

1. e4 e5 2. Nf3 Nc6 3. Bb5 a6 4. Bxc6 dxc6 5. O-O Bd6 6. d4 exd4 7. Qxd4 f6 8. Be3 Be6 9. Nbd2 Qe7 10. Qc3 Bb4 11. Qd3 Rd8 12. Qe2 Bg4 13. c3 Bd6 14. h3 Bh5 15. Qc4 c5 16. a4 Bf7 17. Qe2 Qe6 18. Nh4 Ne7 19. f4 O-O 20. f5 Qd7 21. Qg4 Nc6 22. Bh6 Be8 23. Nc4 Kh8 24. Nxd6 cxd6 25. Bf4 Ne5 26. Bxe5 dxe5 27. Rfd1 Qc7 28. Qe2 Rxd1+ 29. Qxd1 c4 30. Qc2 b6 31. b4 cxb3 32. Qxb3 Qc5+ 33. Kh2 Bf7 34. Qb4 Rc8 35. Rb1 Qxb4 36. Rxb4 Rc6 37. Nf3 Kg8 38. Kg1 Kf8 39. Kf2 Ke7 40. Ke1 a5 41. Rb2 Rxc3 42. Rxb6 Re3+ 43. Kf2 Rxe4 44. Rb7+ Kf8 45. Rb8+ Be8 46. Nd2 Rxa4 47. Nb3 Rb4 0-1

[Event "Winnipeg TNT April op"]
[Site "Winnipeg CAN"]
[Date "2009.04.14"]
[Round "2"]
[White "Green, Jim"]
[Black "Mundwiler, Les"]
[Result "1/2-1/2"]
[WhiteElo "1788"]
[BlackElo "2014"]
[PlyCount "55"]
[GameId "2160767910222929"]
[EventDate "2009.04.07"]
[EventType "swiss"]
[EventRounds "5"]
[EventCountry "CAN"]
[SourceTitle "EXT 2011"]
[Source "ChessBase"]
[SourceDate "2011.11.26"]
[SourceVersion "1"]
[SourceVersionDate "2011.11.26"]
[SourceQuality "1"]

1. e4 e5 2. Nf3 Nc6 3. d4 exd4 4. Nxd4 Nf6 5. Nxc6 bxc6 6. e5 Nd5 7. c4 Bb4+ 8. Bd2 Bxd2+ 9. Nxd2 Nf4 10. g3 Ne6 11. Bg2 Rb8 12. b3 c5 13. O-O h5 14. f4 h4 15. f5 Nd4 16. f6 g6 17. g4 h3 18. Bd5 Bb7 19. Bxb7 Rxb7 20. Ne4 d6 21. Re1 Kf8 22. exd6 cxd6 23. g5 Rh4 24. Rc1 Qd7 25. Rc3 Rb8 26. Nf2 Qf5 27. Rg3 Rd8 28. Qd3 1/2-1/2

[Event "Winnipeg TNT April op"]
[Site "Winnipeg CAN"]
[Date "2009.04.14"]
[Round "2"]
[White "Kaptsan, Aron"]
[Black "Lauritson, Jim"]
[Result "1-0"]
[WhiteElo "2071"]
[BlackElo "1912"]
[PlyCount "107"]
[GameId "2160767910222930"]
[EventDate "2009.04.07"]
[EventType "swiss"]
[EventRounds "5"]
[EventCountry "CAN"]
[SourceTitle "EXT 2011"]
[Source "ChessBase"]
[SourceDate "2011.11.26"]
[SourceVersion "1"]
[SourceVersionDate "2011.11.26"]
[SourceQuality "1"]

1. d4 Nf6 2. c4 e6 3. Nc3 Bb4 4. e3 b6 5. Nge2 Bb7 6. a3 Bxc3+ 7. Nxc3 Ne4 8. Qg4 Qg5 9. Qxg5 Nxg5 10. f3 h6 11. Bd3 Nc6 12. O-O O-O 13. b4 d6 14. Bb2 Ne7 15. Nb5 a6 16. Nc3 Rad8 17. Rad1 f5 18. Bb1 g6 19. Kf2 Nf7 20. Ba2 c5 21. dxc5 dxc5 22. bxc5 bxc5 23. Na4 Rxd1 24. Rxd1 Rc8 25. Rd7 Bc6 26. Rxe7 Bxa4 27. Rxe6 Rc6 28. Rxc6 Bxc6 29. Bb3 Kf8 30. Bf6 Nd6 31. Ke2 Kf7 32. Bc3 Bd7 33. Kd3 Be6 34. Ba5 Ke7 35. Bc7 Nb7 36. Ba4 Bc8 37. Bc6 Ke6 38. h4 Ke7 39. e4 fxe4+ 40. fxe4 Nd6 41. Bd5 Ne8 42. Bf4 h5 43. e5 Bf5+ 44. Kc3 Nc7 45. g3 Ne6 46. Kb3 Nxf4 47. gxf4 Bd7 48. Bb7 a5 49. Ba6 Ke6 50. Bb5 Bc8 51. Be8 Kf5 52. Ka4 Ba6 53. Bf7 Kxf4 54. Kxa5 1-0

[Event "Winnipeg TNT April op"]
[Site "Winnipeg CAN"]
[Date "2009.04.14"]
[Round "2"]
[White "Magnusson, Saul"]
[Black "Wierda, John"]
[Result "1-0"]
[WhiteElo "1540"]
[BlackElo "1790"]
[PlyCount "31"]
[GameId "2160767910222933"]
[EventDate "2009.04.07"]
[EventType "swiss"]
[EventRounds "5"]
[EventCountry "CAN"]
[SourceTitle "EXT 2011"]
[Source "ChessBase"]
[SourceDate "2011.11.26"]
[SourceVersion "1"]
[SourceVersionDate "2011.11.26"]
[SourceQuality "1"]

1. e4 e6 2. d4 d5 3. Nc3 Bb4 4. e5 c5 5. a3 Bxc3+ 6. bxc3 Ne7 7. Qg4 Ng6 8. Nf3 Qa5 9. Bb2 Qa4 10. Kd2 Nc6 11. h4 O-O 12. h5 Ngxe5 13. Nxe5 Nxe5 14. Qg5 Nc4+ 15. Bxc4 Qxc4 16. h6 1-0

[Event "Winnipeg TNT April op"]
[Site "Winnipeg CAN"]
[Date "2009.04.14"]
[Round "2"]
[White "Pottinger, Carl"]
[Black "Trinidad, Kris"]
[Result "1-0"]
[WhiteElo "1805"]
[BlackElo "1558"]
[PlyCount "56"]
[GameId "2160767740941007"]
[EventDate "2009.04.07"]
[EventType "swiss"]
[EventRounds "5"]
[EventCountry "CAN"]

1. c4 e5 2. g3 Nf6 3. Bg2 Be7 4. e3 O-O 5. Ne2 d6 6. O-O Nc6 7. d4 exd4 8. Nxd4 Nxd4 9. Qxd4 c6 10. Nc3 Be6 11. b3 Qc7 12. Bb2 Rfd8 13. Ne2 d5 14. cxd5 Bxd5 15. Qc3 Bxg2 16. Kxg2 Ne8 17. e4 f6 18. f4 a5 19. Nd4 Qb6 20. e5 Rd5 21. Rfe1 Bb4 22. Qc4 Bxe1 23. Rxe1 Kh8 24. exf6 Nxf6 25. Ne6 Rd2+ 26. Re2 Rd1 27. Ng5 Qg1+ 28. Kh3 h6 {Corrected game score to this point with a few moves missing.} 1-0

[Event "Winnipeg TNT April op"]
[Site "Winnipeg CAN"]
[Date "2009.04.14"]
[Round "2"]
[White "Rutter, Blair"]
[Black "Green, Leah"]
[Result "1-0"]
[WhiteElo "1853"]
[BlackElo "1200"]
[PlyCount "83"]
[GameId "2160767910222934"]
[EventDate "2009.04.07"]
[EventType "swiss"]
[EventRounds "5"]
[EventCountry "CAN"]
[SourceTitle "EXT 2011"]
[Source "ChessBase"]
[SourceDate "2011.11.26"]
[SourceVersion "1"]
[SourceVersionDate "2011.11.26"]
[SourceQuality "1"]

1. c4 e5 2. g3 Nf6 3. Bg2 d5 4. cxd5 Nxd5 5. Nc3 Nxc3 6. bxc3 Nc6 7. d3 h6 8. Qb3 Qf6 9. Nf3 Be7 10. O-O a5 11. Nd2 a4 12. Qb5 Ra5 13. Bxc6+ Qxc6 14. Qxa5 O-O 15. Nf3 Bh3 16. Re1 f6 17. e4 Kh8 18. Bd2 b6 19. Qd5 Qe8 20. Kh1 Qh5 21. Ng1 f5 22. Nxh3 Qxh3 23. exf5 Rxf5 24. Qg2 Qg4 25. Be3 Rf6 26. Qe4 Qh5 27. Qxa4 Qf3+ 28. Kg1 Bc5 29. Qe4 Qh5 30. d4 exd4 31. Bxd4 Bxd4 32. Qe8+ Qxe8 33. Rxe8+ Kh7 34. cxd4 Rd6 35. Re4 c5 36. dxc5 bxc5 37. Rc1 Rc6 38. Rec4 Ra6 39. R1c2 g5 40. Rxc5 Kg6 41. Rc6+ Rxc6 42. Rxc6+ 1-0

[Event "Winnipeg TNT April op"]
[Site "Winnipeg CAN"]
[Date "2009.04.14"]
[Round "2"]
[White "Wasserman, Arie"]
[Black "Menard, Trevor"]
[Result "1-0"]
[WhiteElo "1674"]
[BlackElo "1306"]
[PlyCount "49"]
[GameId "2160767910222935"]
[EventDate "2009.04.07"]
[EventType "swiss"]
[EventRounds "5"]
[EventCountry "CAN"]
[SourceTitle "EXT 2011"]
[Source "ChessBase"]
[SourceDate "2011.11.26"]
[SourceVersion "1"]
[SourceVersionDate "2011.11.26"]
[SourceQuality "1"]

1. e4 e6 2. Nf3 b6 3. Nc3 Bb7 4. d3 h6 5. Bf4 a6 6. a3 d6 7. d4 g5 8. Be3 g4 9. Nd2 Qf6 10. Qxg4 e5 11. Nf3 Qe7 12. dxe5 dxe5 13. O-O-O Nd7 14. Nd5 Bxd5 15. exd5 Ngf6 16. Qa4 e4 17. Nd4 b5 18. Bxb5 Bg7 19. Nf5 Qf8 20. Nxg7+ Qxg7 21. Bxd7+ Nxd7 22. Qxe4+ Ne5 23. f4 f5 24. Qxe5+ Qxe5 25. fxe5 1-0

[Event "Winnipeg TNT April op"]
[Site "Winnipeg CAN"]
[Date "2009.04.14"]
[Round "2"]
[White "Wasserman, Leor"]
[Black "Milord, Frank"]
[Result "1/2-1/2"]
[WhiteElo "1558"]
[BlackElo "1586"]
[PlyCount "63"]
[GameId "2160767910222936"]
[EventDate "2009.04.07"]
[EventType "swiss"]
[EventRounds "5"]
[EventCountry "CAN"]
[SourceTitle "EXT 2011"]
[Source "ChessBase"]
[SourceDate "2011.11.26"]
[SourceVersion "1"]
[SourceVersionDate "2011.11.26"]
[SourceQuality "1"]

1. e4 c5 2. Nf3 Nc6 3. d4 cxd4 4. Nxd4 Nf6 5. Nc3 e5 6. Nf5 d5 7. Nxd5 Nxe4 8. Nfe3 Be6 9. Bc4 Qa5+ 10. c3 Qd8 11. O-O Bc5 12. Re1 Nxf2 13. Kxf2 Qh4+ 14. Kg1 Bxe3+ 15. Bxe3 Qxc4 16. Nc7+ Ke7 17. Nxa8 Rxa8 18. Qc2 g6 19. b3 Qg4 20. Rad1 f5 21. Bc5+ Ke8 22. Qd2 Rd8 23. Qc2 Rxd1 24. Rxd1 f4 25. b4 Bc4 26. Re1 f3 27. Qf2 Be2 28. Qg3 Qxg3 29. hxg3 e4 30. gxf3 exf3 31. Kf2 b5 32. Ke3 1/2-1/2

[Event "Winnipeg TNT April op"]
[Site "Winnipeg CAN"]
[Date "2009.04.21"]
[Round "3"]
[White "Babb, Jeff"]
[Black "Boron, Anthony"]
[Result "0-1"]
[WhiteElo "2076"]
[BlackElo "2012"]
[PlyCount "90"]
[GameId "2160767910222937"]
[EventDate "2009.04.07"]
[EventType "swiss"]
[EventRounds "5"]
[EventCountry "CAN"]
[SourceTitle "EXT 2011"]
[Source "ChessBase"]
[SourceDate "2011.11.26"]
[SourceVersion "1"]
[SourceVersionDate "2011.11.26"]
[SourceQuality "1"]

1. f4 d6 2. Nf3 Bg4 3. e4 Nd7 4. Bc4 Bxf3 5. Qxf3 e6 6. O-O Ngf6 7. d4 c6 8. Bb3 a5 9. c3 a4 10. Bc2 Qb6 11. Nd2 Be7 12. Nc4 Qc7 13. e5 Nd5 14. f5 dxe5 15. fxe6 fxe6 16. Qf7+ Kd8 17. Qxg7 Rf8 18. Rxf8+ Bxf8 19. Bg5+ Kc8 20. Qf7 b5 21. Nxe5 Nxe5 22. Qxc7+ Kxc7 23. dxe5 h6 24. Bh4 Ne3 25. Bd3 Bc5 26. Kh1 Rg8 27. Bf2 Rd8 28. Be4 Rd2 29. Bg1 Rxb2 30. g3 Kb6 31. Re1 Nd5 32. Bxd5 cxd5 33. Rf1 Rxa2 34. Bxc5+ Kxc5 35. Rf6 a3 36. Rxe6 Ra1+ 37. Kg2 Re1 38. Ra6 b4 39. Ra5+ Kc4 40. cxb4 Kxb4 41. Rxd5 a2 42. Rd8 Kc5 43. Ra8 a1=Q 44. Rxa1 Rxa1 45. Kf3 Ra4 0-1